000 00350nam a2200157Ia 4500
003 Ost
005 20260225132553.0
008 260225s9999||||xx |||||||||||||| ||und||
040 _cfsic
041 _afre
082 _a440
100 _aJohn c merrill
_eAuteur
245 0 _aLes medias en question /
245 0 _cJohn c merrill
942 _cكتاب
999 _c34297
_d34297